| 000 | 00447nam a2200181 a 4500 | ||
|---|---|---|---|
| 001 | 10718 | ||
| 003 | CO-ViMGA | ||
| 008 | 141112s2004 ck r 000 u spa d | ||
| 020 | _a9586332535 | ||
| 040 |
_aCO-ViMGA _bspa _cCO-ViMGA |
||
| 082 | 0 | 4 | _a813 P953 |
| 100 | 1 |
_aPyle, Howard _914657 |
|
| 245 | 1 | 0 | _aLas Alegres aventuras de Robin Hood |
| 260 | _aBogotá Rei Andes.1992 | ||
| 300 | _a384.p.il. | ||
| 650 | 1 | 4 | _aNOVELA INGLESA |
| 942 |
_2ddc _cBK |
||
| 999 |
_c21988 _d21988 |
||